[Event "Viljandi Raud Memorial 47th"]
[Site "Viljandi"]
[Date "2013.07.05"]
[Round "7"]
[White "Kuusk, Andres"]
[Black "Sirosh, Ilja"]
[Result "1/2-1/2"]
[WhiteElo "2154"]
[BlackElo "2033"]
[PlyCount "118"]
[EventDate "2013.07.01"]
[EventType "swiss"]
[EventRounds "9"]
[EventCountry "EST"]
[SourceTitle "CBM 155 Extra"]
[Source "ChessBase"]
[SourceDate "2013.08.26"]
[SourceVersion "1"]
[SourceVersionDate "2013.08.26"]
[SourceQuality "1"]

1. e4 c5 2. Nc3 Nc6 3. f4 e6 4. Nf3 d5 5. Bb5 Nge7 6. exd5 exd5 7. Qe2 f6 8. d4 Kf7 9. dxc5 Nf5 10. Bd2 Bxc5 11. 0-0-0 Nfd4 12. Nxd4 Nxd4 13. Qf1 Nxb5 14. Qxb5 Qb6 15. Qd3 d4 16. Na4 Qc6 17. Nxc5 Qxc5 18. Qb3+ Be6 19. Qxb7+ Kg6 20. Bb4 Qb6 21. Qxb6 axb6 22. Rxd4 Rxa2 23. Kb1 Ra4 24. Bc3 Ra7 25. Bb4 Rc8 26. Rhd1 Bf5 27. R1d2 Rac7 28. Bc3 h5 29. Re2 Ra8 30. Kc1 Bg4 31. Re1 Ra1+ 32. Kd2 Rxe1 33. Kxe1 Re7+ 34. Kf1 h4 35. Be1 h3 36. gxh3 Bxh3+ 37. Kf2 Bg4 38. Bd2 Bf5 39. c3 Rd7 40. Rxd7 Bxd7 41. c4 Kf5 42. Ke3 Ke6 43. Kd4 Kd6 44. Bb4+ Kc6 45. h4 Bg4 46. Be7 f5 47. Ke5 g6 48. b4 Be2 49. Bd8 b5 50. c5 Bf3 51. Ke6 Be2 52. Kf7 Bh5 53. Kf6 Kd7 54. Be7 Kc6 55. Bd6 Kd7 56. Be5 Kc6 57. Ke6 Bf3 58. Kf7 Bh5 59. Bd4 Kd7 1/2-1/2

[Event "Viljandi Raud Memorial 47th"]
[Site "Viljandi"]
[Date "2013.07.02"]
[Round "2"]
[White "Lauk, Ular"]
[Black "Kuusk, Andres"]
[Result "1-0"]
[WhiteElo "2403"]
[BlackElo "2154"]
[PlyCount "81"]
[EventDate "2013.07.01"]
[EventType "swiss"]
[EventRounds "9"]
[EventCountry "EST"]
[SourceTitle "CBM 155 Extra"]
[Source "ChessBase"]
[SourceDate "2013.08.26"]
[SourceVersion "1"]
[SourceVersionDate "2013.08.26"]
[SourceQuality "1"]

1. e4 c5 2. Nf3 g6 3. d4 cxd4 4. Nxd4 Bg7 5. Nc3 Nc6 6. Be3 Nf6 7. Bc4 0-0 8. Bb3 d6 9. h3 Bd7 10. 0-0 Qa5 11. f4 Nxd4 12. Bxd4 Bc6 13. Qd3 Rac8 14. Rae1 Nd7 15. Bxg7 Kxg7 16. Kh2 Nc5 17. Qd4+ Kg8 18. Bd5 Qb6 19. Bxc6 bxc6 20. b3 Ne6 21. Qd3 Qb4 22. Qe3 Qd4 23. Na4 Qxe3 24. Rxe3 Rfd8 25. f5 Ng7 26. g4 f6 27. c4 g5 28. Rd1 c5 29. h4 h6 30. Rh3 Kf7 31. Kg3 Rg8 32. hxg5 hxg5 33. Rdh1 Ne8 34. Rh7+ Kf8 35. Nc3 Nc7 36. Kf3 Ke8 37. Rd1 Kd7 38. e5 fxe5 39. Ne4 Ke8 40. f6 Kf8 41. fxe7+ 1-0

[Event "Keres Memorial rap qual 22nd"]
[Site "Tallinn"]
[Date "2013.01.11"]
[Round "2"]
[White "Kuusk, Andres"]
[Black "Berzinsh, Roland"]
[Result "1-0"]
[WhiteElo "2171"]
[BlackElo "2411"]
[PlyCount "79"]
[EventDate "2013.01.11"]
[EventType "swiss"]
[EventRounds "7"]
[EventCountry "EST"]
[SourceTitle "CBM 152 Extra"]
[Source "ChessBase"]
[SourceDate "2013.02.25"]
[SourceVersion "1"]
[SourceVersionDate "2013.02.25"]
[SourceQuality "1"]

1. e4 c5 2. Nc3 a6 3. Nf3 b5 4. d4 cxd4 5. Nxd4 Bb7 6. Bd3 g6 7. 0-0 Bg7 8. Be3 d6 9. a4 b4 10. Nd5 Nf6 11. Nxf6+ Bxf6 12. Qd2 a5 13. Bh6 Nd7 14. c3 Qb6 15. Rad1 Rc8 16. Kh1 bxc3 17. bxc3 Qc5 18. Rb1 Ba8 19. Rfc1 e6 20. Qe2 g5 21. Rc2 Rg8 22. Rb5 Qa3 23. h4 Rxc3 24. Rxc3 Qxc3 25. Nf3 gxh4 26. Bd2 Qa1+ 27. Kh2 Ke7 28. Rxa5 Bc6 29. Ra7 Ra8 30. Rxa8 Bxa8 31. Bb5 Qb1 32. Qc4 Nc5 33. e5 Bd5 34. exd6+ Kxd6 35. Qf4+ Ke7 36. Qc7+ Kf8 37. Qxc5+ Kg7 38. Qe3 h3 39. Qh6+ Kg8 40. Qxf6 1-0

[Event "EST-ch"]
[Site "Tallinn"]
[Date "2008.04.01"]
[Round "4"]
[White "Kulaots, Kaido"]
[Black "Kuusk, Andres"]
[Result "1-0"]
[WhiteElo "2533"]
[BlackElo "2167"]
[PlyCount "41"]
[EventDate "2008.03.29"]
[EventType "tourn"]
[EventRounds "9"]
[EventCountry "EST"]
[EventCategory "2"]
[SourceTitle "CBM 123 Extra"]
[Source "ChessBase"]
[SourceDate "2008.05.06"]
[SourceVersion "1"]
[SourceVersionDate "2008.05.06"]
[SourceQuality "1"]

1. e4 c5 2. Nf3 d6 3. d4 cxd4 4. Nxd4 Nf6 5. Nc3 a6 6. Be2 e6 7. 0-0 Be7 8. f4 Nc6 9. Be3 0-0 10. a4 Qc7 11. Kh1 Re8 12. Bd3 b6 13. e5 dxe5 14. Nxc6 Qxc6 15. fxe5 Bb7 16. Qe2 Nd7 17. Bxh7+ Kxh7 18. Qh5+ Kg8 19. Qxf7+ Kh8 20. Rf3 Nf8 21. Rg3 1-0

[Event "EST-ch"]
[Site "Tallinn"]
[Date "2008.03.30"]
[Round "2"]
[White "Valner, Uku"]
[Black "Kuusk, Andres"]
[Result "1-0"]
[WhiteElo "2128"]
[BlackElo "2167"]
[PlyCount "73"]
[EventDate "2008.03.29"]
[EventType "tourn"]
[EventRounds "9"]
[EventCountry "EST"]
[EventCategory "2"]
[SourceTitle "CBM 123 Extra"]
[Source "ChessBase"]
[SourceDate "2008.05.06"]
[SourceVersion "1"]
[SourceVersionDate "2008.05.06"]
[SourceQuality "1"]

1. e4 c6 2. d4 d5 3. exd5 cxd5 4. Bd3 Nc6 5. c3 g6 6. Bf4 Bg7 7. Nf3 Nh6 8. 0-0 Bf5 9. Re1 0-0 10. Bf1 Qd7 11. h3 Kh8 12. Ne5 Nxe5 13. dxe5 Bxb1 14. Rxb1 Rac8 15. Qd2 Ng8 16. c4 Rfd8 17. Rbd1 e6 18. Bg5 f6 19. exf6 Nxf6 20. Qe3 Re8 21. Qxa7 Ra8 22. Qb6 Rxa2 23. Qb3 Rea8 24. cxd5 Nxd5 25. Rd2 Qf7 26. Bc4 Qf5 27. h4 h6 28. Bxd5 exd5 29. Be3 Ra1 30. Rdd1 Rxd1 31. Rxd1 Qg4 32. Qxd5 Qxh4 33. Qxb7 Re8 34. Qf7 Rb8 35. Qxg6 Rxb2 36. Rd7 Qf6 37. Rxg7 1-0

[Event "Hiiumaa Suvi op"]
[Site "Estonia"]
[Date "2007.07.15"]
[Round "6"]
[White "Kuusk, Andres"]
[Black "Teemae, Leo A"]
[Result "1/2-1/2"]
[WhiteElo "2167"]
[BlackElo "2108"]
[PlyCount "85"]
[EventDate "2007.07.13"]
[EventType "swiss"]
[EventRounds "7"]
[EventCountry "EST"]
[SourceTitle "EXT 2008"]
[Source "ChessBase"]
[SourceDate "2007.11.25"]
[SourceVersion "1"]
[SourceVersionDate "2007.11.25"]
[SourceQuality "1"]

1. e4 e5 2. Nf3 Nf6 3. Nxe5 d6 4. Nf3 Nxe4 5. d4 d5 6. Bd3 Bd6 7. 0-0 0-0 8. c4 c6 9. cxd5 cxd5 10. Nc3 Nxc3 11. bxc3 Bg4 12. Rb1 Nd7 13. h3 Bh5 14. Rb5 Nb6 15. c4 Nxc4 16. Rxd5 Bh2+ 17. Nxh2 Qxd5 18. Bxc4 Qxc4 19. Qxh5 Qxd4 20. Nf3 Qc4 21. a3 Rad8 22. Qa5 a6 23. Qb6 Qd5 24. Be3 Rd6 25. Qb2 b5 26. Bd4 Rc8 27. Re1 f6 28. Qe2 Qc4 29. Qe3 Qd5 30. Bb2 Rcd8 31. Nd4 h5 32. Qg3 Qg5 33. Qb3+ Qd5 34. Qe3 Qe5 35. Qxe5 fxe5 36. Nf3 Rd1 37. Bxe5 R8d3 38. Bb2 Rxe1+ 39. Nxe1 Rb3 40. Bc1 Rc3 41. Bb2 Rb3 42. Bc1 Rc3 43. Bb2 1/2-1/2

[Event "EST-chT 22nd"]
[Site "Estonia"]
[Date "2007.01.13"]
[Round "1"]
[White "Kuusk, Andres"]
[Black "Moltsanov, Ivan"]
[Result "0-1"]
[WhiteElo "2166"]
[BlackElo "1996"]
[PlyCount "101"]
[EventDate "2007.01.13"]
[EventType "team"]
[EventRounds "6"]
[EventCountry "EST"]
[SourceTitle "EXT 2009"]
[Source "ChessBase"]
[SourceDate "2008.11.26"]
[SourceVersion "1"]
[SourceVersionDate "2008.11.26"]
[SourceQuality "1"]

1. e4 e6 2. d4 d5 3. Nd2 c5 4. exd5 Qxd5 5. Ngf3 Nc6 6. Bc4 Qd8 7. dxc5 Bxc5 8. 0-0 Nf6 9. Qe2 0-0 10. Ne4 Nd4 11. Nxd4 Bxd4 12. c3 Be5 13. Bg5 h6 14. Bh4 Qc7 15. Nxf6+ Bxf6 16. Bxf6 gxf6 17. Rad1 Kh7 18. Rd4 Rg8 19. Rfd1 Qc6 20. g3 a6 21. Qh5 Rg6 22. Bf1 Qc7 23. Bg2 Rb8 24. Qh4 e5 25. Rd6 Bg4 26. R1d2 Be6 27. Bh3 f5 28. Qa4 Rc8 29. Rxe6 b5 30. Rxg6 bxa4 31. Rgd6 Kg7 32. Bxf5 Rb8 33. Be4 Rxb2 34. R2d3 Qc5 35. Rd2 Rxa2 36. Rxa2 Qxd6 37. Kg2 a3 38. Bf3 f5 39. c4 Qb4 40. Bd5 Qb3 41. Rd2 a2 42. c5 Qxd5+ 43. Rxd5 a1Q 44. c6 Qc3 45. Rd7+ Kf8 46. Rd6 h5 47. Kh3 Ke7 48. Rh6 a5 49. Rxh5 Qxc6 50. Rxf5 Qe6 51. g4 0-1

[Event "EST-chT 22nd"]
[Site "Estonia"]
[Date "2007.01.13"]
[Round "3"]
[White "Kuusk, Andres"]
[Black "Rumjantsev, Jevgeni"]
[Result "0-1"]
[WhiteElo "2166"]
[BlackElo "1876"]
[PlyCount "92"]
[EventDate "2007.01.13"]
[EventType "team"]
[EventRounds "6"]
[EventCountry "EST"]
[SourceTitle "EXT 2009"]
[Source "ChessBase"]
[SourceDate "2008.11.26"]
[SourceVersion "1"]
[SourceVersionDate "2008.11.26"]
[SourceQuality "1"]

1. e4 c5 2. Nf3 Nc6 3. d4 cxd4 4. Nxd4 e5 5. Nb5 d6 6. N1c3 a6 7. Na3 b5 8. Nd5 Nf6 9. Bg5 Be7 10. Bxf6 Bxf6 11. c3 0-0 12. Nc2 Bg5 13. a4 Rb8 14. axb5 axb5 15. Be2 f5 16. exf5 Bxf5 17. 0-0 Kh8 18. Ra6 Bxc2 19. Qxc2 Qc8 20. Rfa1 Nd4 21. Qd1 Nxe2+ 22. Qxe2 Qc5 23. Rd1 Rf7 24. b4 Qc4 25. Qxc4 bxc4 26. Rxd6 e4 27. Ne3 Rbf8 28. Nxc4 Rxf2 29. Re6 Re2 30. Rf1 Ra8 31. Ra6 Rd8 32. b5 h6 33. b6 Rb8 34. Rb1 e3 35. Ra7 Kh7 36. Rf7 Rc2 37. b7 Rxc3 38. Ne5 Kg8 39. Nd7 e2 40. Nxb8 Be3+ 41. Rf2 Rd3 42. Re1 Rd1 43. g4 Rxe1+ 44. Kg2 Rg1+ 45. Kh3 e1Q 46. Nd7 Ba7 0-1

[Event "EST-ch prel"]
[Site "Tallinn"]
[Date "2004.??.??"]
[Round "?"]
[White "Haitin, Ilja"]
[Black "Kuusk, Andres"]
[Result "1-0"]
[WhiteElo "2177"]
[BlackElo "2248"]
[PlyCount "69"]
[EventDate "2004.??.??"]
[EventType "swiss"]
[EventRounds "4"]
[EventCountry "EST"]
[SourceTitle "EXT 2018"]
[Source "ChessBase"]
[SourceDate "2017.10.13"]
[SourceVersion "1"]
[SourceVersionDate "2017.10.13"]
[SourceQuality "1"]

1. e4 c5 2. Nf3 d6 3. d4 cxd4 4. Nxd4 Nf6 5. Nc3 a6 6. Bg5 e6 7. f4 Qb6 8. Nb3 Nbd7 9. Qf3 Qc7 10. 0-0-0 b5 11. Bxf6 Nxf6 12. a3 Rb8 13. g4 b4 14. axb4 Rxb4 15. g5 Nd7 16. Bh3 a5 17. Rhe1 Be7 18. Nd4 Qb6 19. Nf5 Rxb2 20. Nxg7+ Kf8 21. Nxe6+ fxe6 22. Bxe6 Nc5 23. Bxc8 Nb3+ 24. cxb3 Qxb3 25. Qd3 Qa3 26. Nb1 Qa1 27. Be6 Rb8 28. Re2 d5 29. exd5 Rxb1+ 30. Qxb1 Qc3+ 31. Qc2 Qa1+ 32. Kd2 Qd4+ 33. Qd3 Qxf4+ 34. Kc2 Bxg5 35. Qf5+ 1-0

[Event "Saaremaa Cup"]
[Site "Saaremaa"]
[Date "2001.??.??"]
[Round "?"]
[White "Kuusk, Andres"]
[Black "Lelumees, Brait"]
[Result "1/2-1/2"]
[WhiteElo "2103"]
[BlackElo "2144"]
[PlyCount "79"]
[EventDate "2001.??.??"]
[EventType "swiss"]
[EventRounds "5"]
[EventCountry "EST"]
[SourceTitle "EXT 2018"]
[Source "ChessBase"]
[SourceDate "2017.10.13"]
[SourceVersion "1"]
[SourceVersionDate "2017.10.13"]
[SourceQuality "1"]

1. e4 c5 2. Nc3 Nc6 3. g3 g6 4. Bg2 Bg7 5. d3 e5 6. Be3 d6 7. Qd2 Nd4 8. Nd1 Be6 9. c3 Nc6 10. Nf3 Nge7 11. Bh6 Bxh6 12. Qxh6 Qd7 13. Qd2 f6 14. d4 cxd4 15. cxd4 d5 16. exd5 Nxd5 17. dxe5 fxe5 18. 0-0 0-0-0 19. Rc1 Kb8 20. Nc3 Qg7 21. Ng5 Nf4 22. Nxe6 Nxe6 23. Qe3 Ned4 24. Ne4 h6 25. Nc5 Rd6 26. Rb1 Rc8 27. b4 Rc7 28. Qe4 Ne6 29. Nb3 Ng5 30. Qe3 Nxb4 31. Na5 Nd5 32. Qa3 Qd7 33. Nxb7 Rxb7 34. Rxb7+ Kxb7 35. Qb3+ Ka6 36. Rb1 Rb6 37. Qd3+ Ka5 38. Qa3+ Qa4 39. Qc5+ Ka6 40. Qc8+ 1/2-1/2